000 01210nam a2200313 a 4500
001 000024417
005 20240520203612.0
008 110127s2001 sp a r 000 0 spa d
020 _a8427713622
040 _aDO-SdBNP
_bspa
_cBNPHU
041 1 7 _aspa
_beng
_2Código de idioma MARC
082 _a323.34
_bP769
245 0 1 _aPolíticas de género en la Unión Europea /
_cedición Mariagrazaia Rossilli ; traducción, José López Ballester.
260 _aMadrid, (España) :
_bNarcea Ediciones,
_c2001.
300 _a277, [2] p. :
_bil. ;
_c22 cm.
490 1 _aMujeres
500 _aIncluye apéndice de los principales documentos de la Unión Europea sobre la igualdad de las mujeres
504 _aIncluye referencias bibliográficas
534 _aTítulo original:
_tGender policies in the European Union
650 4 _aMujeres
_xSituación legal
_911706
650 0 _aDerechos de la mujer
_92527
650 4 _aMujeres
_xHistoria
_zEuropa
_950050
700 1 _aRossilli, Mariagrazia
_eed.
_950051
700 1 _aLópez Ballester, José
_etr.
_950052
710 2 _aInstituto de la Mujer
_950053
710 2 _aMinisterio de Trabajo y Asuntos Sociales
_950054
830 0 _aMujeres
_98820
049 _aBNGR
999 _c23910
_d23910